<?xml version="1.0" encoding="UTF-8"?>
<record
    xmlns:xsi="http://www.w3.org/2001/XMLSchema-instance"
    xsi:schemaLocation="http://www.loc.gov/MARC21/slim http://www.loc.gov/standards/marcxml/schema/MARC21slim.xsd"
    xmlns="http://www.loc.gov/MARC21/slim">

  <leader>02265nam a2200589 a 4500</leader>
  <controlfield tag="005">20240423102809.0</controlfield>
  <controlfield tag="008">100311s2010||||sp il. f |||| 001 0 spa d</controlfield>
  <datafield tag="020" ind1=" " ind2=" ">
    <subfield code="a">9788480866606</subfield>
  </datafield>
  <datafield tag="041" ind1=" " ind2=" ">
    <subfield code="a">spa</subfield>
  </datafield>
  <datafield tag="092" ind1=" " ind2=" ">
    <subfield code="c">616.07</subfield>
    <subfield code="l">75</subfield>
    <subfield code="s">ROB</subfield>
  </datafield>
  <datafield tag="245" ind1=" " ind2=" ">
    <subfield code="a">Robbins y Cotran. </subfield>
    <subfield code="b">Patolog&#xED;a estructural y funcional /</subfield>
    <subfield code="c">Vinay Kumar</subfield>
  </datafield>
  <datafield tag="250" ind1=" " ind2=" ">
    <subfield code="a">8a ed. versi&#xF3;n en espa&#xF1;ol de la obra original en ingl&#xE9;s</subfield>
    <subfield code="b">Revisi&#xF3;n Cient&#xED;fica J. Fari&#xF1;a Gonz&#xE1;lez y M&#xAA;. Jes&#xFA;s Fern&#xE1;ndez-Ace&#xF1;ero</subfield>
  </datafield>
  <datafield tag="260" ind1=" " ind2=" ">
    <subfield code="a">Barcelona: </subfield>
    <subfield code="b">Elsevier ; Saunders;</subfield>
    <subfield code="c">2010.</subfield>
  </datafield>
  <datafield tag="300" ind1=" " ind2=" ">
    <subfield code="a">1449 p.</subfield>
    <subfield code="b">il.</subfield>
  </datafield>
  <datafield tag="500" ind1=" " ind2=" ">
    <subfield code="a">Kumar, V. et al. (2010). Robbins y Cotran. Patolog&#xED;a estructural y funcional. (8a ed.).  Barcelona : Elsevier ; Saunders. </subfield>
  </datafield>
  <datafield tag="590" ind1=" " ind2=" ">
    <subfield code="a">Compra FACIMED 2010 / Compra FACIMED, Junio 2011</subfield>
  </datafield>
  <datafield tag="653" ind1=" " ind2=" ">
    <subfield code="a">Respuestas celulares al estr&#xE9;s y las agresiones por t&#xF3;xicos: adaptaci&#xF3;n, lesi&#xF3;n y muerte</subfield>
  </datafield>
  <datafield tag="653" ind1=" " ind2=" ">
    <subfield code="a">Inflaci&#xF3;n aguda y cr&#xF3;nica</subfield>
  </datafield>
  <datafield tag="653" ind1=" " ind2=" ">
    <subfield code="a">Renovaci&#xF3;n, reparaci&#xF3;n y regeneraci&#xF3;n tisular</subfield>
  </datafield>
  <datafield tag="653" ind1=" " ind2=" ">
    <subfield code="a">Trastornos hemodin&#xE1;micos, enfermedad tromboemb&#xF3;lica y shock</subfield>
  </datafield>
  <datafield tag="653" ind1=" " ind2=" ">
    <subfield code="a">Trastornos gen&#xE9;ticos</subfield>
  </datafield>
  <datafield tag="653" ind1=" " ind2=" ">
    <subfield code="a">Enfermedades del sistema inmunitario</subfield>
  </datafield>
  <datafield tag="653" ind1=" " ind2=" ">
    <subfield code="a">Neoplasias</subfield>
  </datafield>
  <datafield tag="653" ind1=" " ind2=" ">
    <subfield code="a">Enfermedades infecciosas</subfield>
  </datafield>
  <datafield tag="653" ind1=" " ind2=" ">
    <subfield code="a">Enfermedades ambientales y nutricionales</subfield>
  </datafield>
  <datafield tag="653" ind1=" " ind2=" ">
    <subfield code="a">Enfermedades de la lactancia y la infancia</subfield>
  </datafield>
  <datafield tag="653" ind1=" " ind2=" ">
    <subfield code="a">Vasos sangu&#xED;neos</subfield>
  </datafield>
  <datafield tag="653" ind1=" " ind2=" ">
    <subfield code="a">Coraz&#xF3;n</subfield>
  </datafield>
  <datafield tag="653" ind1=" " ind2=" ">
    <subfield code="a">Enfermedades de los leucocitos, ganglios linf&#xE1;ticos, bazo y timo</subfield>
  </datafield>
  <datafield tag="653" ind1=" " ind2=" ">
    <subfield code="a">Trastornos de los eritrocitos y trastornos hemorr&#xE1;gicos</subfield>
  </datafield>
  <datafield tag="653" ind1=" " ind2=" ">
    <subfield code="a">Pulm&#xF3;n</subfield>
  </datafield>
  <datafield tag="653" ind1=" " ind2=" ">
    <subfield code="a">Cabeza y cuello</subfield>
  </datafield>
  <datafield tag="653" ind1=" " ind2=" ">
    <subfield code="a">Tubo digestivo</subfield>
  </datafield>
  <datafield tag="653" ind1=" " ind2=" ">
    <subfield code="a">H&#xED;gado y v&#xED;as biliares</subfield>
  </datafield>
  <datafield tag="653" ind1=" " ind2=" ">
    <subfield code="a">P&#xE1;ncreas</subfield>
  </datafield>
  <datafield tag="653" ind1=" " ind2=" ">
    <subfield code="a">Ri&#xF1;&#xF3;n</subfield>
  </datafield>
  <datafield tag="653" ind1=" " ind2=" ">
    <subfield code="a">V&#xED;as urinarias bajas y aparato genital masculino</subfield>
  </datafield>
  <datafield tag="653" ind1=" " ind2=" ">
    <subfield code="a">Aparato genital femenino</subfield>
  </datafield>
  <datafield tag="653" ind1=" " ind2=" ">
    <subfield code="a">Mama</subfield>
  </datafield>
  <datafield tag="653" ind1=" " ind2=" ">
    <subfield code="a">Sistema end&#xF3;crino</subfield>
  </datafield>
  <datafield tag="653" ind1=" " ind2=" ">
    <subfield code="a">Piel</subfield>
  </datafield>
  <datafield tag="653" ind1=" " ind2=" ">
    <subfield code="a">Huesos, articulaciones y tumores de partes blandas</subfield>
  </datafield>
  <datafield tag="653" ind1=" " ind2=" ">
    <subfield code="a">Nervio perif&#xE9;rico y m&#xFA;sculo esquel&#xE9;tico</subfield>
  </datafield>
  <datafield tag="653" ind1=" " ind2=" ">
    <subfield code="a">Sistema nervioso central</subfield>
  </datafield>
  <datafield tag="653" ind1=" " ind2=" ">
    <subfield code="a">Ojo</subfield>
  </datafield>
  <datafield tag="700" ind1="1" ind2=" ">
    <subfield code="a">Kumar, Vinay</subfield>
    <subfield code="9">127</subfield>
  </datafield>
  <datafield tag="700" ind1="1" ind2=" ">
    <subfield code="a">Abbas, Abul K.</subfield>
    <subfield code="9">49</subfield>
  </datafield>
  <datafield tag="700" ind1="1" ind2=" ">
    <subfield code="a">Fausto, Nelson</subfield>
    <subfield code="9">50</subfield>
  </datafield>
  <datafield tag="700" ind1="1" ind2=" ">
    <subfield code="a">Aster, Jon C.</subfield>
    <subfield code="9">51</subfield>
  </datafield>
  <datafield tag="930" ind1=" " ind2=" ">
    <subfield code="a">2392</subfield>
  </datafield>
  <datafield tag="942" ind1=" " ind2=" ">
    <subfield code="2">ddc</subfield>
    <subfield code="c">BK</subfield>
    <subfield code="0">7</subfield>
  </datafield>
  <datafield tag="999" ind1=" " ind2=" ">
    <subfield code="c">845</subfield>
    <subfield code="d">845</subfield>
  </datafield>
  <datafield tag="952" ind1=" " ind2=" ">
    <subfield code="0">0</subfield>
    <subfield code="1">0</subfield>
    <subfield code="2">ddc</subfield>
    <subfield code="4">0</subfield>
    <subfield code="7">0</subfield>
    <subfield code="a">BFM</subfield>
    <subfield code="b">BFM</subfield>
    <subfield code="c">CR</subfield>
    <subfield code="d">2011-06-29</subfield>
    <subfield code="l">92</subfield>
    <subfield code="m">9</subfield>
    <subfield code="o">616.07 75 ROB</subfield>
    <subfield code="p">2392</subfield>
    <subfield code="r">2020-03-16</subfield>
    <subfield code="s">2020-03-13</subfield>
    <subfield code="t">ej.23</subfield>
    <subfield code="w">2011-06-29</subfield>
    <subfield code="y">BK</subfield>
    <subfield code="z">Hemeroteca 2022</subfield>
    <subfield code="f"></subfield>
  </datafield>
  <datafield tag="952" ind1=" " ind2=" ">
    <subfield code="0">0</subfield>
    <subfield code="1">0</subfield>
    <subfield code="2">ddc</subfield>
    <subfield code="4">0</subfield>
    <subfield code="7">0</subfield>
    <subfield code="8">REF</subfield>
    <subfield code="a">BFM</subfield>
    <subfield code="b">BFM</subfield>
    <subfield code="c">CR</subfield>
    <subfield code="d">2011-06-29</subfield>
    <subfield code="l">8</subfield>
    <subfield code="m">10</subfield>
    <subfield code="o">616.07 75 ROB</subfield>
    <subfield code="p">2393</subfield>
    <subfield code="q">2030-03-07</subfield>
    <subfield code="r">2014-11-06</subfield>
    <subfield code="s">2013-09-27</subfield>
    <subfield code="t">ej.24</subfield>
    <subfield code="w">2011-06-29</subfield>
    <subfield code="y">REF</subfield>
    <subfield code="z">LIBRO DE CATEDRA</subfield>
  </datafield>
  <datafield tag="952" ind1=" " ind2=" ">
    <subfield code="0">0</subfield>
    <subfield code="1">0</subfield>
    <subfield code="2">ddc</subfield>
    <subfield code="4">0</subfield>
    <subfield code="7">0</subfield>
    <subfield code="a">BFM</subfield>
    <subfield code="b">BFM</subfield>
    <subfield code="c">CR</subfield>
    <subfield code="d">2011-06-29</subfield>
    <subfield code="l">122</subfield>
    <subfield code="m">12</subfield>
    <subfield code="o">616.07 75 ROB</subfield>
    <subfield code="p">2394</subfield>
    <subfield code="r">2020-03-13</subfield>
    <subfield code="s">2020-03-11</subfield>
    <subfield code="t">ej.25</subfield>
    <subfield code="w">2011-06-29</subfield>
    <subfield code="y">BK</subfield>
    <subfield code="z">Hemeroteca 2022</subfield>
    <subfield code="f"></subfield>
  </datafield>
  <datafield tag="952" ind1=" " ind2=" ">
    <subfield code="0">0</subfield>
    <subfield code="1">0</subfield>
    <subfield code="2">ddc</subfield>
    <subfield code="4">0</subfield>
    <subfield code="7">0</subfield>
    <subfield code="a">BFM</subfield>
    <subfield code="b">BFM</subfield>
    <subfield code="c">CR</subfield>
    <subfield code="d">2011-06-29</subfield>
    <subfield code="l">123</subfield>
    <subfield code="m">7</subfield>
    <subfield code="o">616.07 75 ROB</subfield>
    <subfield code="p">2395</subfield>
    <subfield code="r">2021-03-22</subfield>
    <subfield code="s">2020-03-16</subfield>
    <subfield code="t">ej.26</subfield>
    <subfield code="w">2011-06-29</subfield>
    <subfield code="y">BK</subfield>
    <subfield code="z">Hemeroteca 2022</subfield>
    <subfield code="f"></subfield>
  </datafield>
  <datafield tag="952" ind1=" " ind2=" ">
    <subfield code="0">0</subfield>
    <subfield code="1">0</subfield>
    <subfield code="2">ddc</subfield>
    <subfield code="4">0</subfield>
    <subfield code="7">0</subfield>
    <subfield code="a">BFM</subfield>
    <subfield code="b">BFM</subfield>
    <subfield code="c">CR</subfield>
    <subfield code="d">2011-06-29</subfield>
    <subfield code="l">105</subfield>
    <subfield code="m">15</subfield>
    <subfield code="o">616.07 75 ROB</subfield>
    <subfield code="p">2396</subfield>
    <subfield code="r">2021-04-16</subfield>
    <subfield code="s">2020-03-16</subfield>
    <subfield code="t">ej.27</subfield>
    <subfield code="w">2011-06-29</subfield>
    <subfield code="y">BK</subfield>
    <subfield code="z">Hemeroteca 2022</subfield>
    <subfield code="f"></subfield>
  </datafield>
  <datafield tag="952" ind1=" " ind2=" ">
    <subfield code="0">0</subfield>
    <subfield code="1">0</subfield>
    <subfield code="2">ddc</subfield>
    <subfield code="4">0</subfield>
    <subfield code="7">0</subfield>
    <subfield code="a">BFM</subfield>
    <subfield code="b">BFM</subfield>
    <subfield code="c">CR</subfield>
    <subfield code="d">2011-06-29</subfield>
    <subfield code="l">104</subfield>
    <subfield code="m">9</subfield>
    <subfield code="o">616.07 75 ROB</subfield>
    <subfield code="p">2397</subfield>
    <subfield code="r">2016-02-25</subfield>
    <subfield code="s">2015-12-14</subfield>
    <subfield code="t">ej.28</subfield>
    <subfield code="w">2011-06-29</subfield>
    <subfield code="y">BK</subfield>
    <subfield code="z">Hemeroteca 2022</subfield>
    <subfield code="f"></subfield>
  </datafield>
  <datafield tag="952" ind1=" " ind2=" ">
    <subfield code="0">0</subfield>
    <subfield code="1">0</subfield>
    <subfield code="2">ddc</subfield>
    <subfield code="4">0</subfield>
    <subfield code="7">0</subfield>
    <subfield code="a">BFM</subfield>
    <subfield code="b">BFM</subfield>
    <subfield code="c">CR</subfield>
    <subfield code="d">2011-06-29</subfield>
    <subfield code="l">119</subfield>
    <subfield code="m">16</subfield>
    <subfield code="o">616.07 75 ROB</subfield>
    <subfield code="p">2398</subfield>
    <subfield code="r">2021-04-16</subfield>
    <subfield code="s">2020-03-16</subfield>
    <subfield code="t">ej.29</subfield>
    <subfield code="w">2011-06-29</subfield>
    <subfield code="y">BK</subfield>
    <subfield code="z">Hemeroteca 2022</subfield>
    <subfield code="f"></subfield>
  </datafield>
  <datafield tag="952" ind1=" " ind2=" ">
    <subfield code="0">0</subfield>
    <subfield code="1">0</subfield>
    <subfield code="2">ddc</subfield>
    <subfield code="4">0</subfield>
    <subfield code="7">0</subfield>
    <subfield code="a">BFM</subfield>
    <subfield code="b">BFM</subfield>
    <subfield code="c">CR</subfield>
    <subfield code="d">2011-06-29</subfield>
    <subfield code="l">103</subfield>
    <subfield code="m">11</subfield>
    <subfield code="o">616.07 75 ROB</subfield>
    <subfield code="p">2399</subfield>
    <subfield code="r">2021-03-26</subfield>
    <subfield code="s">2021-03-15</subfield>
    <subfield code="t">ej.30</subfield>
    <subfield code="w">2011-06-29</subfield>
    <subfield code="y">BK</subfield>
    <subfield code="z">Hemeroteca 2022</subfield>
    <subfield code="f"></subfield>
  </datafield>
  <datafield tag="952" ind1=" " ind2=" ">
    <subfield code="0">0</subfield>
    <subfield code="1">0</subfield>
    <subfield code="2">ddc</subfield>
    <subfield code="4">0</subfield>
    <subfield code="7">0</subfield>
    <subfield code="a">BFM</subfield>
    <subfield code="b">BFM</subfield>
    <subfield code="c">CR</subfield>
    <subfield code="d">2011-07-04</subfield>
    <subfield code="l">125</subfield>
    <subfield code="m">14</subfield>
    <subfield code="o">616.07 75 ROB</subfield>
    <subfield code="p">2327</subfield>
    <subfield code="r">2021-03-15</subfield>
    <subfield code="s">2020-03-16</subfield>
    <subfield code="t">ej.21</subfield>
    <subfield code="w">2011-07-04</subfield>
    <subfield code="y">BK</subfield>
    <subfield code="z">Hemeroteca 2022</subfield>
    <subfield code="f"></subfield>
  </datafield>
  <datafield tag="952" ind1=" " ind2=" ">
    <subfield code="0">0</subfield>
    <subfield code="1">0</subfield>
    <subfield code="2">ddc</subfield>
    <subfield code="4">0</subfield>
    <subfield code="7">0</subfield>
    <subfield code="8">REF</subfield>
    <subfield code="a">BFM</subfield>
    <subfield code="b">BFM</subfield>
    <subfield code="c">REF</subfield>
    <subfield code="d">2011-07-04</subfield>
    <subfield code="l">22</subfield>
    <subfield code="m">1</subfield>
    <subfield code="o">616.07 75 ROB</subfield>
    <subfield code="p">2328</subfield>
    <subfield code="r">2016-03-14</subfield>
    <subfield code="s">2016-03-11</subfield>
    <subfield code="t">ej.22</subfield>
    <subfield code="w">2011-07-04</subfield>
    <subfield code="y">REF</subfield>
    <subfield code="z">LIBRO DE CONSULTA  Hemeroteca 2022</subfield>
    <subfield code="f"></subfield>
  </datafield>
  <datafield tag="952" ind1=" " ind2=" ">
    <subfield code="0">0</subfield>
    <subfield code="1">0</subfield>
    <subfield code="2">ddc</subfield>
    <subfield code="4">0</subfield>
    <subfield code="7">0</subfield>
    <subfield code="8">NFIC</subfield>
    <subfield code="a">BFM</subfield>
    <subfield code="b">BFM</subfield>
    <subfield code="c">CR</subfield>
    <subfield code="d">2013-03-11</subfield>
    <subfield code="e">Proyecto PROMED 2DO A&#xD1;O</subfield>
    <subfield code="g">1197.00</subfield>
    <subfield code="l">49</subfield>
    <subfield code="m">1</subfield>
    <subfield code="o">616.07 75 ROB</subfield>
    <subfield code="p">2762</subfield>
    <subfield code="r">2024-12-19</subfield>
    <subfield code="s">2016-04-07</subfield>
    <subfield code="t">Ej.31</subfield>
    <subfield code="w">2013-03-11</subfield>
    <subfield code="y">BK</subfield>
    <subfield code="z">PROMED 2DO A&#xD1;O  Hemeroteca 2022</subfield>
    <subfield code="f"></subfield>
  </datafield>
  <datafield tag="952" ind1=" " ind2=" ">
    <subfield code="0">0</subfield>
    <subfield code="1">0</subfield>
    <subfield code="2">ddc</subfield>
    <subfield code="4">0</subfield>
    <subfield code="7">0</subfield>
    <subfield code="8">NFIC</subfield>
    <subfield code="a">BFM</subfield>
    <subfield code="b">BFM</subfield>
    <subfield code="c">CR</subfield>
    <subfield code="d">2013-03-11</subfield>
    <subfield code="e">Proyecto PROMED 2DO A&#xD1;O</subfield>
    <subfield code="g">1197.00</subfield>
    <subfield code="l">74</subfield>
    <subfield code="m">7</subfield>
    <subfield code="o">616.07 75 ROB</subfield>
    <subfield code="p">2763</subfield>
    <subfield code="r">2018-03-12</subfield>
    <subfield code="s">2018-03-06</subfield>
    <subfield code="t">Ej.32</subfield>
    <subfield code="w">2013-03-11</subfield>
    <subfield code="y">BK</subfield>
    <subfield code="z">PROMED 2DO A&#xD1;O  Hemeroteca 2022</subfield>
    <subfield code="f"></subfield>
  </datafield>
  <datafield tag="952" ind1=" " ind2=" ">
    <subfield code="0">0</subfield>
    <subfield code="1">0</subfield>
    <subfield code="2">ddc</subfield>
    <subfield code="4">0</subfield>
    <subfield code="7">0</subfield>
    <subfield code="8">NFIC</subfield>
    <subfield code="a">BFM</subfield>
    <subfield code="b">BFM</subfield>
    <subfield code="c">CR</subfield>
    <subfield code="d">2013-03-11</subfield>
    <subfield code="e">Proyecto PROMED 2DO A&#xD1;O</subfield>
    <subfield code="g">1197.00</subfield>
    <subfield code="l">92</subfield>
    <subfield code="m">11</subfield>
    <subfield code="o">616.07 75 ROB</subfield>
    <subfield code="p">2764</subfield>
    <subfield code="r">2018-03-12</subfield>
    <subfield code="s">2018-03-09</subfield>
    <subfield code="t">Ej.33</subfield>
    <subfield code="w">2013-03-11</subfield>
    <subfield code="y">BK</subfield>
    <subfield code="z">PROMED 2DO A&#xD1;O  Hemeroteca 2022</subfield>
    <subfield code="f"></subfield>
  </datafield>
  <datafield tag="952" ind1=" " ind2=" ">
    <subfield code="0">0</subfield>
    <subfield code="1">0</subfield>
    <subfield code="2">ddc</subfield>
    <subfield code="4">0</subfield>
    <subfield code="7">0</subfield>
    <subfield code="8">NFIC</subfield>
    <subfield code="a">BFM</subfield>
    <subfield code="b">BFM</subfield>
    <subfield code="c">CR</subfield>
    <subfield code="d">2013-06-10</subfield>
    <subfield code="e">Proyecto PROMED</subfield>
    <subfield code="g">1080.00</subfield>
    <subfield code="l">69</subfield>
    <subfield code="m">10</subfield>
    <subfield code="o">616.07 75 ROB</subfield>
    <subfield code="p">2947</subfield>
    <subfield code="r">2018-04-06</subfield>
    <subfield code="s">2018-04-04</subfield>
    <subfield code="t">Ej. 34</subfield>
    <subfield code="w">2013-06-10</subfield>
    <subfield code="y">BK</subfield>
    <subfield code="z">Compra PROMED junio 2013 Hemeroteca 2022</subfield>
    <subfield code="f"></subfield>
  </datafield>
  <datafield tag="952" ind1=" " ind2=" ">
    <subfield code="0">0</subfield>
    <subfield code="1">0</subfield>
    <subfield code="2">ddc</subfield>
    <subfield code="4">0</subfield>
    <subfield code="7">0</subfield>
    <subfield code="8">NFIC</subfield>
    <subfield code="a">BFM</subfield>
    <subfield code="b">BFM</subfield>
    <subfield code="c">CR</subfield>
    <subfield code="d">2013-06-10</subfield>
    <subfield code="e">Proyecto PROMED</subfield>
    <subfield code="g">1080.00</subfield>
    <subfield code="l">55</subfield>
    <subfield code="m">8</subfield>
    <subfield code="o">616.07 75 ROB</subfield>
    <subfield code="p">2948</subfield>
    <subfield code="r">2020-03-13</subfield>
    <subfield code="s">2020-03-06</subfield>
    <subfield code="t">Ej. 35</subfield>
    <subfield code="w">2013-06-10</subfield>
    <subfield code="y">BK</subfield>
    <subfield code="z">Compra PROMED junio 2013 Hemeroteca 2022</subfield>
    <subfield code="f"></subfield>
  </datafield>
  <datafield tag="952" ind1=" " ind2=" ">
    <subfield code="0">0</subfield>
    <subfield code="1">0</subfield>
    <subfield code="2">ddc</subfield>
    <subfield code="4">0</subfield>
    <subfield code="7">0</subfield>
    <subfield code="8">NFIC</subfield>
    <subfield code="a">BFM</subfield>
    <subfield code="b">BFM</subfield>
    <subfield code="c">CR</subfield>
    <subfield code="d">2013-06-10</subfield>
    <subfield code="e">Proyecto PROMED</subfield>
    <subfield code="g">1080.00</subfield>
    <subfield code="l">89</subfield>
    <subfield code="m">13</subfield>
    <subfield code="o">616.07 75 ROB</subfield>
    <subfield code="p">2949</subfield>
    <subfield code="r">2021-09-07</subfield>
    <subfield code="s">2020-03-12</subfield>
    <subfield code="t">Ej. 36</subfield>
    <subfield code="w">2013-06-10</subfield>
    <subfield code="y">BK</subfield>
    <subfield code="z">Compra PROMED junio 2013 Hemeroteca 2022</subfield>
    <subfield code="f"></subfield>
  </datafield>
</record>
